000 00466nam a2200181Ia 4500
005 20250508152254.0
008 008 250505s9999 xx 000 0 eng d
037 _aTextual
040 _aFEDL
_beng
_cFEDL
041 _aeng
_2eng
084 _a379.12, IND
_qFEDL
245 0 _aSchool for all
245 0 _cIndia,. Education (Ministry of...)
260 _c1958
300 _aiii,23p.
942 _cTEXL
_h379.12, IND
999 _c1335432
_d1335432